Hard Arrested Development Trivia (Season 3) - Statistics

General Stats
  • This quiz has been taken 172 times
  • The average score is 6 of 18
Answer Stats
Hint Answer % Correct
Which Bluth family member inspired Maeby's horror story? Lucille
88%
What is ^ relationship to Rita? Uncle
80%
What is the name of the Bluth family's new attorney? Bob Loblaw
66%
Which actor plays Rita? Charlize Theron
61%
Who is Mr. F? Tobias Fünke
58%
The actress who plays Nellie is related to which cast member? Michael
48%
Who tells Lindsay that she is adopted? Stan Sitwell
45%
Rita is a skilled player of which instrument? Banjo
41%
Who does Michael suspect Lucille is dating? Warden Gentles
34%
Who does Lucille mistake for a doctor after hearing his antimedication stance? Tom Cruise
18%
Which tv show decides whether to buy or sell Bluth stocks? Mad Money
17%
What is the name of the man who threatens Michael in 'For British Eyes Only'? Trevor
16%
What does Tobias believe George Michael has? OCD
14%
Where does Michael go to look for his father? Reno
13%
Which Richter brother comes to the S.O.B party? Donnie
11%
What is the name of Maeby's boss? Mort Meyers
11%
Which company does Maeby work for? Tantamount Studios
8%
What name is on the van of all authorities spying on the Bluths? Blendin
5%
No matching quizzes found
Score Distribution
Percent of People with Each Score
Percentile by Number Answered
Your Score History
You have not taken this quiz